| 000 | 01044nam a22003135i 4500 | ||
|---|---|---|---|
| 999 |
_c27673 _d27644 |
||
| 003 | EG-ScBUE | ||
| 005 | 20191013141008.0 | ||
| 008 | 191008s2016 enk f b 001 0deng d | ||
| 020 | _a9780745335575 | ||
| 040 |
_aEG-ScBUE _beng _erda _cEG-ScBUE _dEG-ScBUE |
||
| 043 | _af-ua--- | ||
| 082 | 0 | 4 |
_a320.53150962 _bSME _222 |
| 100 | 1 |
_aSmet, Brecht De, _eauthor. |
|
| 245 | 1 | 0 |
_aGramsci on Tahrir : _brevolution and counter-revolution in Egypt / _cBrecht De Smet. |
| 264 | 1 |
_aLondon : _bPluto Press, _c2016. |
|
| 300 |
_ax, 264 pages ; _c24 cm. |
||
| 336 |
_atext _btxt _2rdacontent |
||
| 337 |
_aunmediated _bn _2rdamedia |
||
| 338 |
_avolume _bnc _2rdacarrier |
||
| 490 | 0 | _aReading Gramsci | |
| 504 | _aIncludes bibliographical references and index. | ||
| 600 | 1 | 7 |
_aGramsci, Antonio, _d1965- _2BUEsh |
| 650 | 7 |
_aRevolutions _zEgypt. _2BUEsh |
|
| 650 | 7 |
_aGovernment, Resistance to _zEgypt. _2BUEsh |
|
| 651 | 7 |
_aEgypt _xHistory _yProtests, 2011- _2BUEsh _936450 |
|
| 653 |
_bMASPPSS _cOctober2019 |
||
| 655 | _vReading book | ||
| 942 |
_2ddc _cBB |
||